|
|
|
|
| LEADER |
00878cam a2200229 7i4500 |
| 001 |
0000040515 |
| 005 |
20140630090000.0 |
| 020 |
# |
0 |
|a 0071111522
|
| 020 |
# |
0 |
|a 0072880023
|
| 090 |
0 |
0 |
|a HF 5271
|b L629 2005
|
| 100 |
1 |
# |
|a Lesikar, Raymond Vincent
|
| 245 |
1 |
0 |
|a Basic business communication :
|b skills for empowering the internet generation
|c Raymond V. Lesikar, Marie E. Flatley.
|
| 250 |
# |
# |
|a 10th ed..
|
| 260 |
# |
# |
|a Boston:
|b McGraw-Hill/Irwin,
|c 2005.
|
| 300 |
# |
# |
|a xxx, 606 p.:
|b ill.;
|c 28 cm..
|
| 590 |
# |
# |
|a Pusat Pengajian Perniagaan dan Pengurusan Maritim
|
| 650 |
0 |
0 |
|a English language --
|x Business English
|
| 650 |
0 |
0 |
|a Business communication
|
| 650 |
0 |
0 |
|a Commercial correspondence
|
| 700 |
1 |
1 |
|a Flatley,
|h Marie Elizabeth
|
| 999 |
|
|
|a 1100032116
|b Book
|c Bahan Pandang Dengar
|e KOLEKSI TERBUKA
|
| 999 |
|
|
|a 1100032117
|b CD-ROM
|c Bahan Pandang Dengar
|e BILIK BAHAN SUMBER MEDIA
|